Mediterranean politics

Αποθηκεύτηκε σε:
Λεπτομέρειες βιβλιογραφικής εγγραφής
Μορφή: Περιοδική έκδοση
Γλώσσα:English
Δημοσίευση: London ; Madison, Wis. : Madison, Wis., Pinter ; Fairleigh Dickinson University Press, 1994-
Θέματα:
Διαθέσιμο Online:https://www.tandfonline.com/loi/fmed20
Ετικέτες: Προσθήκη ετικέτας
Δεν υπάρχουν, Καταχωρήστε ετικέτα πρώτοι!

MARC

LEADER 00000cas a2200000 i 4500
001 1/80666
008 080407c19949999uk tr|||||| || ||eng||
022 |a 1362-9395 
035 |l 10096272 
040 |a GR-MY-UA  |b gre  |e aacr 
041 0 |a eng 
082 7 |a 909.09822   |2 (22) 
245 0 0 |a Mediterranean politics   |h [περιοδικό] 
260 |a London ; Madison, Wis. :   |a Madison, Wis.,   |b Pinter ;   |b Fairleigh Dickinson University Press,   |c 1994- 
300 |a  τ. :   |b εικ. ;   |c 22-24 εκ. 
310 |a Τετραμηνιαίο,   |b 1996- 
321 |a Ετήσιο,   |b 1994-1995 
651 0 |a Mediterranean Region  |x Politics and government  |y 1945-  |x Periodicals. 
853 |a INST  |b RHODES  |h 909.09822 
856 |u https://www.tandfonline.com/loi/fmed20 
901 |a BIBL4-2008-1 
970 |a ΚΟΖΑ  |b ΜΑΡΙΑ  |z 2008/04/07